[Event "Imperia op-A 50th"]
[Site "Imperia"]
[Date "2018.09.04"]
[Round "3.9"]
[White "Lagrotteria, Salvatore"]
[Black "Dritsakos, Alessio"]
[Result "1-0"]
[WhiteElo "2148"]
[BlackElo "2002"]
[PlyCount "99"]
[EventDate "2018.09.02"]
[EventType "swiss"]
[EventRounds "9"]
[EventCountry "ITA"]
[SourceTitle "EXT 2024"]
[Source "ChessBase"]
[SourceDate "2023.10.10"]
[SourceVersion "1"]
[SourceVersionDate "2023.10.10"]
[SourceQuality "1"]

1. Nf3 Nf6 2. g3 c5 3. Bg2 Nc6 4. d3 g6 5. 0-0 Bg7 6. Nbd2 0-0 7. e4 d6 8. c3 e5 9. a3 a5 10. a4 b6 11. Re1 Ba6 12. Nc4 Rb8 13. Qc2 b5 14. axb5 Rxb5 15. Ne3 Bh6 16. Bf1 Rb7 17. h3 Bxe3 18. Bxe3 Qb6 19. Reb1 Qc7 20. Nd2 Rfb8 21. b3 Ne8 22. Bg2 Qd8 23. f4 f6 24. Rf1 Ng7 25. Bf3 Nh5 26. Kh2 Kh8 27. Ra3 Qg8 28. Rd1 Ng7 29. Kh1 Ne8 30. Ra4 Bb5 31. Ra2 Qe6 32. Bg2 Ng7 33. Re1 Ra8 34. Kh2 Rab8 35. Rea1 exf4 36. gxf4 g5 37. d4 gxf4 38. d5 Qe5 39. Nf3 Qh5 40. dxc6 Bxc6 41. Bxf4 Rxb3 42. Bxd6 R8b6 43. Bg3 a4 44. Qd3 Ne6 45. Nd2 Rb2 46. Rxb2 Rxb2 47. Rb1 a3 48. Rxb2 axb2 49. Qd6 Qe8 50. Bh4 1-0

[Event "Torino SST Junior-Senior (azzurro)"]
[Site "Torino"]
[Date "2012.01.11"]
[Round "3"]
[White "Dritsakos, Alessio"]
[Black "Ricca, Roberto"]
[Result "0-1"]
[WhiteElo "2006"]
[BlackElo "2100"]
[PlyCount "44"]
[EventDate "2011.10.20"]
[EventType "schev"]
[EventRounds "8"]
[EventCountry "ITA"]
[SourceTitle "EXT 2018"]
[Source "ChessBase"]
[SourceDate "2017.10.13"]
[SourceVersion "1"]
[SourceVersionDate "2017.10.13"]
[SourceQuality "1"]

1. e4 e5 2. Nf3 Nc6 3. Bb5 f5 4. exf5 e4 5. Qe2 Qe7 6. Bxc6 dxc6 7. Nd4 Qe5 8. Ne6 Bxe6 9. fxe6 Bd6 10. Nc3 Nf6 11. b3 0-0-0 12. Bb2 Rhe8 13. 0-0-0 Rxe6 14. h3 Qg5 15. Qe3 Bf4 16. Qxa7 Rxd2 17. Kb1 Red6 18. g3 Qh5 19. Rxd2 Bxd2 20. Qa8+ Kd7 21. Qxb7 Bxc3 22. Bxc3 Qf3 0-1

[Event "Torino Sada op"]
[Site "Torino"]
[Date "2011.10.24"]
[Round "7"]
[White "Yao, Stefano"]
[Black "Dritsakos, Alessio"]
[Result "1-0"]
[WhiteElo "1635"]
[BlackElo "1999"]
[PlyCount "73"]
[EventDate "2011.09.19"]
[EventType "swiss"]
[EventRounds "7"]
[EventCountry "ITA"]
[SourceTitle "EXT 2018"]
[Source "ChessBase"]
[SourceDate "2017.10.13"]
[SourceVersion "1"]
[SourceVersionDate "2017.10.13"]
[SourceQuality "1"]

1. d4 Nf6 2. Nf3 g6 3. c4 Bg7 4. g3 c5 5. Bg2 cxd4 6. Nxd4 0-0 7. 0-0 Qb6 8. Nc3 Nc6 9. Nc2 d6 10. Rb1 Ne5 11. Ne3 e6 12. b4 Bd7 13. Na4 Qc7 14. c5 dxc5 15. Nxc5 Bc6 16. Qb3 Rfd8 17. Bb2 Bxg2 18. Nxg2 Nc6 19. Rfd1 Rac8 20. Rbc1 Rxd1+ 21. Rxd1 h5 22. Nf4 Nxb4 23. Ncxe6 Qc2 24. Nxg7 Qxb3 25. axb3 Kxg7 26. Rd7 Rc2 27. Bxf6+ Kxf6 28. Rxb7 Nc6 29. e3 g5 30. Nxh5+ Kg6 31. g4 Ne5 32. h3 Nd3 33. f4 Nf2 34. f5+ Kh6 35. Rxf7 Ne4 36. Nf6 Rc1+ 37. Kg2 1-0

[Event "EU Union-ch 6th"]
[Site "Arvier"]
[Date "2010.09.10"]
[Round "7"]
[White "Dritsakos, Alessio"]
[Black "Messina, Roberta"]
[Result "1-0"]
[WhiteElo "1971"]
[BlackElo "1890"]
[PlyCount "61"]
[EventDate "2010.09.04"]
[EventType "swiss"]
[EventRounds "9"]
[EventCountry "ITA"]
[SourceTitle "CBM 138 Extra"]
[Source "ChessBase"]
[SourceDate "2010.10.29"]
[SourceVersion "1"]
[SourceVersionDate "2010.10.29"]
[SourceQuality "1"]

1. e4 c5 2. Nc3 Nc6 3. g3 g6 4. d3 e6 5. Bg2 d6 6. Be3 Bg7 7. Qd2 Nge7 8. Nge2 0-0 9. h4 Nd4 10. h5 Nxe2 11. Kxe2 Nc6 12. Nd1 Nd4+ 13. Kf1 Qf6 14. c3 Nf3 15. Qe2 Ne5 16. f4 c4 17. dxc4 d5 18. Bd4 dxe4 19. Bxe5 Qd8 20. Bxg7 Kxg7 21. Bxe4 Qc7 22. Ne3 e5 23. Nd5 Qd6 24. Qh2 f5 25. hxg6 Qxg6 26. Ne7 fxe4 27. Nxg6 hxg6 28. Qh7+ Kf6 29. Qh4+ Kg7 30. Qe7+ Rf7 31. Qxe5+ 1-0

[Event "EU Union-ch 6th"]
[Site "Arvier"]
[Date "2010.09.06"]
[Round "3"]
[White "Barletta, Mauro"]
[Black "Dritsakos, Alessio"]
[Result "1-0"]
[WhiteElo "2211"]
[BlackElo "1971"]
[PlyCount "101"]
[EventDate "2010.09.04"]
[EventType "swiss"]
[EventRounds "9"]
[EventCountry "ITA"]
[SourceTitle "CBM 138 Extra"]
[Source "ChessBase"]
[SourceDate "2010.10.29"]
[SourceVersion "1"]
[SourceVersionDate "2010.10.29"]
[SourceQuality "1"]

1. e4 e5 2. Nf3 Nc6 3. Bc4 Nf6 4. d3 Be7 5. c3 0-0 6. 0-0 d6 7. Bb3 Be6 8. Re1 Bxb3 9. axb3 Re8 10. Nbd2 Bf8 11. Nf1 g6 12. Ng3 Bg7 13. Bg5 h6 14. Bd2 Qd7 15. Qc1 Kh7 16. h3 d5 17. Qc2 dxe4 18. dxe4 Rad8 19. b4 a6 20. Be3 Qe6 21. Nd2 Re7 22. Nb3 Nd7 23. Red1 h5 24. Rd2 Bh6 25. Bxh6 Kxh6 26. Rad1 b6 27. Nf1 Ree8 28. Ne3 Nf6 29. Nd5 Rc8 30. Qd3 Nb8 31. Qf3 Kg7 32. c4 Nxd5 33. exd5 Qe7 34. c5 Nd7 35. Qc3 f6 36. Qc4 b5 37. Qe2 c6 38. Na5 cxd5 39. Rxd5 Nb8 40. Qd2 Rc7 41. Rd6 Qf7 42. Qe3 Re6 43. Qf3 e4 44. Qf4 g5 45. Qe3 Rd7 46. Rxd7 Nxd7 47. Nb7 Qe7 48. Qd4 Nf8 49. Nd8 Re5 50. Nc6 Ne6 51. Qxe5 1-0

[Event "Imperia op-A 52th"]
[Site "Imperia"]
[Date "2010.09.01"]
[Round "4"]
[White "Faraci, Antonino"]
[Black "Dritsakos, Alessio"]
[Result "1-0"]
[WhiteElo "1973"]
[BlackElo "1930"]
[PlyCount "53"]
[EventDate "2010.08.29"]
[EventType "swiss"]
[EventRounds "9"]
[EventCountry "ITA"]
[SourceTitle "EXT 2024"]
[Source "ChessBase"]
[SourceDate "2023.10.10"]
[SourceVersion "1"]
[SourceVersionDate "2023.10.10"]
[SourceQuality "1"]

1. e4 e5 2. Nf3 Nc6 3. Bb5 a6 4. Ba4 Nf6 5. 0-0 Be7 6. Qe2 b5 7. Bb3 0-0 8. c3 d6 9. h3 Be6 10. Bc2 Nd7 11. b3 Na5 12. d4 f5 13. exf5 Bxf5 14. Bxf5 Rxf5 15. g4 Rf6 16. Nbd2 exd4 17. Nxd4 d5 18. Ne6 Qc8 19. Nxg7 Qf8 20. Nf5 Rxf5 21. gxf5 Kh8 22. Bb2 Qxf5 23. c4+ Nf6 24. Qxe7 Rg8+ 25. Kh2 Qf4+ 26. Kh1 d4 27. Rg1 1-0

[Event "Arvier op"]
[Site "Arvier"]
[Date "2010.07.05"]
[Round "3"]
[White "Astengo, Marcello"]
[Black "Dritsakos, Alessio"]
[Result "1-0"]
[WhiteElo "2104"]
[BlackElo "1942"]
[PlyCount "81"]
[EventDate "2010.07.03"]
[EventType "swiss"]
[EventRounds "9"]
[EventCountry "ITA"]
[SourceTitle "CBM 137 Extra"]
[Source "ChessBase"]
[SourceDate "2010.09.01"]
[SourceVersion "1"]
[SourceVersionDate "2010.09.01"]
[SourceQuality "1"]

1. d4 d5 2. c4 e6 3. Nc3 c6 4. e3 Nf6 5. Nf3 Nbd7 6. Qc2 Bd6 7. Be2 0-0 8. 0-0 dxc4 9. Bxc4 b5 10. Be2 Bb7 11. Rd1 Qe7 12. e4 e5 13. Bg5 h6 14. Bh4 Rac8 15. Rac1 a6 16. dxe5 Nxe5 17. Nd4 Bb8 18. Nf5 Qe6 19. f4 Ng6 20. Bxf6 Qxf6 21. e5 Qe6 22. Rf1 Ne7 23. Ng3 c5 24. Rce1 c4 25. Bf3 Nd5 26. Nxd5 Bxd5 27. f5 Qc6 28. f6 g6 29. Qd2 Rfd8 30. Qxh6 Qc5+ 31. Kh1 Qf8 32. Qh4 Rc5 33. Bxd5 Rdxd5 34. Nf5 Rxe5 35. Nh6+ Kh7 36. Nf5+ Kg8 37. Ne7+ Rxe7 38. fxe7 Qe8 39. Qf6 Rh5 40. h3 Bg3 41. Rd1 1-0

[Event "Imperia op-A 51st"]
[Site "Imperia"]
[Date "2009.09.01"]
[Round "3"]
[White "Dritsakos, Alessio"]
[Black "Del Dotto, Riccardo"]
[Result "0-1"]
[WhiteElo "1920"]
[BlackElo "2175"]
[PlyCount "52"]
[EventDate "2009.08.30"]
[EventType "swiss"]
[EventRounds "9"]
[EventCountry "ITA"]
[SourceTitle "EXT 2011"]
[Source "ChessBase"]
[SourceDate "2010.11.26"]
[SourceVersion "1"]
[SourceVersionDate "2010.11.26"]
[SourceQuality "1"]

1. e4 e5 2. Nf3 Nf6 3. Nxe5 d6 4. Nf3 Nxe4 5. d4 d5 6. Bd3 Bd6 7. 0-0 0-0 8. c4 c6 9. Qc2 Na6 10. a3 Bg4 11. Ne5 Bxe5 12. dxe5 Nac5 13. f3 Nxd3 14. Qxd3 Nc5 15. Qd4 Nb3 16. Qxg4 Nxa1 17. Bh6 g6 18. Qf4 Re8 19. Bg5 Qb6+ 20. Rf2 Nc2 21. Bf6 Qe3 22. Qg4 Qe1+ 23. Rf1 Qxf1+ 24. Kxf1 Ne3+ 25. Ke2 Nxg4 26. fxg4 Rxe5+ 0-1

[Event "Asti op 4th"]
[Site "Asti"]
[Date "2009.04.19"]
[Round "6"]
[White "Bertuca, Gianluca"]
[Black "Dritsakos, Alessio"]
[Result "0-1"]
[WhiteElo "1524"]
[BlackElo "1924"]
[PlyCount "56"]
[EventDate "2009.04.16"]
[EventType "swiss"]
[EventRounds "6"]
[EventCountry "ITA"]
[SourceTitle "CBM 130 Extra"]
[Source "ChessBase"]
[SourceDate "2009.07.02"]
[SourceVersion "2"]
[SourceVersionDate "2009.07.15"]
[SourceQuality "1"]

1. d4 d5 2. c4 c6 3. Nf3 Nf6 4. Nc3 e6 5. e3 Nbd7 6. Qc2 Bd6 7. Be2 0-0 8. b3 Qe7 9. Bb2 dxc4 10. bxc4 c5 11. d5 exd5 12. cxd5 Re8 13. 0-0 b6 14. Rfd1 Bb7 15. Bc4 a6 16. a4 Rad8 17. Qe2 Ne5 18. Nxe5 Qxe5 19. g3 Ne4 20. Nb5 Qf5 21. Nxd6 Rxd6 22. Bd3 Qh3 23. Bxe4 Rxe4 24. Qf3 f5 25. Rd2 Rxd5 26. Rad1 Rxd2 27. Rxd2 Re7 28. Rd8+ Kf7 0-1

[Event "Asti op 4th"]
[Site "Asti"]
[Date "2009.04.17"]
[Round "2"]
[White "Roversi, Stefano"]
[Black "Dritsakos, Alessio"]
[Result "1-0"]
[WhiteElo "1871"]
[BlackElo "1924"]
[PlyCount "91"]
[EventDate "2009.04.16"]
[EventType "swiss"]
[EventRounds "6"]
[EventCountry "ITA"]
[SourceTitle "CBM 130 Extra"]
[Source "ChessBase"]
[SourceDate "2009.07.02"]
[SourceVersion "2"]
[SourceVersionDate "2009.07.15"]
[SourceQuality "1"]

1. e4 e5 2. Nf3 Nc6 3. Bb5 a6 4. Ba4 Nf6 5. 0-0 Be7 6. Re1 b5 7. Bb3 0-0 8. a4 b4 9. d4 d6 10. h3 a5 11. d5 Nb8 12. Nbd2 Nbd7 13. Bc4 Nc5 14. Qe2 Ne8 15. Nf1 f5 16. Nxe5 dxe5 17. d6+ Kh8 18. dxe7 Qxe7 19. exf5 Bxf5 20. Qxe5 Qxe5 21. Rxe5 Nd7 22. Re7 Nd6 23. Bd5 Rae8 24. Bg5 h6 25. Bh4 g5 26. Rxe8 Rxe8 27. Bg3 Bxc2 28. Ne3 Be4 29. Rc1 Nf5 30. Nxf5 Bxd5 31. Rxc7 Nb6 32. Nxh6 Nxa4 33. Ng4 Re2 34. Nf6 Bg8 35. Rc8 Kg7 36. Nxg8 Nxb2 37. Rc5 a4 38. Rxg5+ Kf7 39. Nh6+ Kf6 40. Ra5 a3 41. Ng4+ Ke6 42. Ne3 Nd3 43. Ra6+ Kd7 44. Rd6+ Ke7 45. Rxd3 Re1+ 46. Kh2 1-0

[Event "Asti op 4th"]
[Site "Asti"]
[Date "2009.04.16"]
[Round "1"]
[White "Dritsakos, Alessio"]
[Black "Molina, Fabrizio"]
[Result "0-1"]
[WhiteElo "1924"]
[BlackElo "2240"]
[PlyCount "94"]
[EventDate "2009.04.16"]
[EventType "swiss"]
[EventRounds "6"]
[EventCountry "ITA"]
[SourceTitle "CBM 130 Extra"]
[Source "ChessBase"]
[SourceDate "2009.07.02"]
[SourceVersion "2"]
[SourceVersionDate "2009.07.15"]
[SourceQuality "1"]

1. e4 e6 2. d4 d5 3. Nc3 Bb4 4. e5 c5 5. a3 Bxc3+ 6. bxc3 Ne7 7. Qg4 Qc7 8. Qxg7 Rg8 9. Qxh7 cxd4 10. Qd3 Nbc6 11. cxd4 Nxe5 12. dxe5 Qxe5+ 13. Kd2 Qxa1 14. Qb5+ Bd7 15. Bb2 Qb1 16. Nf3 Nc6 17. Rg1 Qa2 18. Bd3 Na5 19. Ra1 Nc4+ 20. Bxc4 Qxc4 21. Qxd7+ Kxd7 22. Ne5+ Ke7 23. Nxc4 dxc4 24. g3 b5 25. Bd4 f6 26. f4 a6 27. Ke3 Rad8 28. c3 Rd5 29. Ke4 Rh5 30. Ra2 Rh3 31. a4 bxa4 32. Bg1 Rd8 33. Rxa4 Rd1 34. Bc5+ Kd7 35. Rxa6 Rxh2 36. Bd4 Rd3 37. Ra7+ Kc6 38. Ra6+ Kb7 39. Rxe6 Re2+ 40. Kd5 Rxe6 41. Kxe6 Rxd4 42. cxd4 c3 43. Kxf6 c2 44. g4 c1Q 45. f5 Qh6+ 46. Ke7 Qg7+ 47. Ke6 Qxg4 0-1

[Event "Bratto op-B 28th"]
[Site "Bratto"]
[Date "2008.08.30"]
[Round "8"]
[White "Fiorili, Roberto"]
[Black "Dritsakos, Alessio"]
[Result "0-1"]
[WhiteElo "1918"]
[BlackElo "1848"]
[PlyCount "48"]
[EventDate "2008.08.23"]
[EventType "swiss"]
[EventRounds "9"]
[EventCountry "ITA"]
[SourceTitle "EXT 2011"]
[Source "ChessBase"]
[SourceDate "2010.11.26"]
[SourceVersion "1"]
[SourceVersionDate "2010.11.26"]
[SourceQuality "1"]

1. d4 d5 2. Nf3 Nf6 3. Bf4 e6 4. e3 Bd6 5. Bxd6 Qxd6 6. c3 Nbd7 7. Bd3 e5 8. dxe5 Nxe5 9. Nxe5 Qxe5 10. Qe2 0-0 11. h3 Re8 12. Nd2 Bf5 13. 0-0-0 Ne4 14. g4 Nxc3 15. Qf1 Bxd3 16. Qxd3 Nxd1 17. Rxd1 Rad8 18. Re1 d4 19. e4 Rd6 20. Kb1 Rc6 21. Nf3 Qf4 22. e5 f6 23. Nxd4 Rxe5 24. Ne2 Qe4 0-1